000 00668nam a22002057a 4500
003 koha_MIRAKIL
005 20251118090427.0
008 251118b tur||||| |||| 00| 0 tur d
020 _a9786052031308
040 _aTR-IsEVY
_btur
_cTR-IsEVY
082 _aFIC AKY/U
100 _aAkyüz, Beyza
245 0 _aUçan fare ile Hayalet Hayri :
_bkarşılaşma /
_cBeyza Akyüz ; resimleyen Gamze Hayta.
250 _a2. bs.
260 _aİzmir :
_bTudem Yayınları,
_c2017.
300 _a88 s. :
_brenkli resimli ;
_c20 cm.
650 _aÇocuk Edebiyatı.
_vÇocuk Hikayeleri.
_vHayat Üzerine Düşünme.
700 1 _aHayta, Gamze.
_cresimleyen.
942 _2ddc
_cBK
999 _c22856
_d22856